|
|
|
|
| LEADER |
02218nam a2200565 i 4500 |
| 001 |
nkc20253704582 |
| 003 |
CZ PrNK |
| 005 |
20251021141000.0 |
| 007 |
ta |
| 008 |
250818s2024 xr a f 000 0 ukro |
| 015 |
|
|
|a cnb003704582
|
| 020 |
|
|
|a 978-80-01-07353-7
|q (brožováno)
|
| 035 |
|
|
|a (OCoLC)1544836518
|
| 040 |
|
|
|a OLA001
|b cze
|d ABA001
|e rda
|
| 043 |
|
|
|a e-un---
|
| 072 |
|
7 |
|a 332
|x Regionální ekonomie, regionální ekonomika
|2 Konspekt
|9 4
|
| 080 |
|
|
|a 338.246.88
|2 MRF
|
| 080 |
|
|
|a 711.4/.8
|2 MRF
|
| 080 |
|
|
|a 332.055.2
|2 MRF
|
| 080 |
|
|
|a 71
|2 MRF
|
| 080 |
|
|
|a (477)
|2 MRF
|
| 080 |
|
|
|a (048.8:082)
|2 MRF
|
| 100 |
1 |
|
|a Šilhánková, Vladimíra,
|d 1971-
|7 jo20000062022
|4 aut
|
| 245 |
1 |
0 |
|a Peredača dosvìdu šodo planuvannja rozvytku ta vìdnovlennja mìst Ukrajiny /
|c Vladìmìra Šìlhankova, Lucìa Dobruc‘ka, Mìchal Pondelìček
|
| 250 |
|
|
|a Porjadok vypusku: peršyj
|
| 264 |
|
1 |
|a Prague :
|b České vysoké učení technické v Praze,
|c 2024
|
| 300 |
|
|
|a 49 stran :
|b ilustrace (některé barevné) ;
|c 21 cm
|
| 336 |
|
|
|a text
|b txt
|2 rdacontent
|
| 337 |
|
|
|a bez média
|b n
|2 rdamedia
|
| 338 |
|
|
|a svazek
|b nc
|2 rdacarrier
|
| 500 |
|
|
|a Jméno autora Pondělíčka na titulní stránce vytištěno chybně, správně má být: Mìchael
|
| 500 |
|
|
|a 260 výtisků
|
| 504 |
|
|
|a Obsahuje bibliografii
|
| 650 |
0 |
7 |
|a poválečná obnova
|7 ph285157
|z Ukrajina
|2 czenas
|
| 650 |
0 |
7 |
|a rozvoj měst
|7 ph137468
|z Ukrajina
|2 czenas
|
| 650 |
0 |
7 |
|a regionální rozvoj
|7 ph125083
|z Ukrajina
|2 czenas
|
| 650 |
0 |
7 |
|a územní plánování
|7 ph128364
|z Ukrajina
|2 czenas
|
| 650 |
0 |
9 |
|a postwar reconstruction
|z Ukraine
|2 eczenas
|
| 650 |
0 |
9 |
|a urban development
|z Ukraine
|2 eczenas
|
| 650 |
0 |
9 |
|a regional development
|z Ukraine
|2 eczenas
|
| 650 |
0 |
9 |
|a spatial planning
|z Ukraine
|2 eczenas
|
| 655 |
|
7 |
|a kolektivní monografie
|7 fd501537
|2 czenas
|
| 655 |
|
9 |
|a collective monographs
|2 eczenas
|
| 700 |
1 |
|
|a Dobrucká, Lucia
|7 ola20241243408
|4 aut
|
| 700 |
1 |
|
|a Pondělíček, Michael
|7 xx0014167
|4 aut
|
| 910 |
2 |
|
|a BOA001
|b 2-1547.694
|
| 990 |
|
|
|a BK
|
| 995 |
|
|
|a 01
|
| 991 |
|
|
|b 202508
|c NOV
|
| 996 |
6 |
|
|b 2611010862
|c 2-1547.694
|l MZK
|r Sklad / do 1 hodiny
|n 0
|p p.v.
|w 002015632
|u 000010
|a 1
|e BOA001
|j MZK50
|s P
|